Watching India's wildlife : (Record no. 152630)

MARC details
000 -LEADER
fixed length control field 00632nam a22001817a 4500
005 - DATE AND TIME OF LATEST TRANSACTION
control field 20180609180832.0
010 ## - LCCN (DPL NO)
LC control number B-106900
020 ## - INTERNATIONAL STANDARD BOOK NUMBER
International Standard Book Number 9780195672183
Terms of availability 195.00
035 ## - SYSTEM CONTROL NUMBER
System control number B-106900
082 ## - DEWEY DECIMAL CLASSIFICATION NUMBER
Classification number 639.95
100 ## - MAIN ENTRY--PERSONAL NAME
Personal name Billy Arjan Singh
245 1# - TITLE STATEMENT
Title Watching India's wildlife :
Statement of responsibility, etc by Vishwa Mohan Tiwari
Remainder of title the anathology of a lifetime /
260 ## - PUBLICATION, DISTRIBUTION, ETC. (IMPRINT)
Place of publication, distribution, etc New Delhi
Name of publisher, distributor, etc Oxford University Press
Date of publication, distribution, etc 2004
270 ## - ADDRESS
City New Delhi
Address YMCA Library Building, Jai Singh Road
Postal code 110001
300 ## - PHYSICAL DESCRIPTION
Extent xiii, 188p.
Dimensions 20cm(pbk)
Other physical details col. photos
500 ## - GENERAL NOTE
General note Includes glossary and appendix
942 ## - ADDED ENTRY ELEMENTS (KOHA)
Institution code [OBSOLETE] dpl
Item type English Books
Source of classification or shelving scheme Dewey Decimal Classification
Call number suffix BIL
Classification part 639.95
Holdings
Withdrawn status Lost status Not for loan Collection code Home library Current library Date acquired Source of acquisition Cost, normal purchase price Full call number Barcode Cost, replacement price Koha item type
      Non-fiction Shahdara Branch Shahdara Branch 09/06/2018 BPPD/PUB 195.00 639.95 BIL B-106900 195.00 English Books

© Delhi Public Library
Hit Counter
free hit counter